| 000 | 00336nam a2200109Ia 4500 | ||
|---|---|---|---|
| 008 | 200302s9999 xx 000 0 und d | ||
| 100 | _aDarren Robinson | ||
| 245 | _aComputer Modelling for Sustainable Urban Design Physical Principles Methods and Applications | ||
| 260 | _bEarthscan Publications Ltd. | ||
| 260 | _c2011 | ||
| 300 | _a277 P., | ||
| 999 |
_c5807 _d5807 |
||